000 01117nam a22003257a 4500
003 CHAP
005 20220329141151.0
008 971010s1969 mx r 00010 d
010 _a63740
011 _a64712
035 _a70790
040 _cCHAP
082 _a301.44
_bG6
100 0 0 _aGonzález Casanova, Pablo.
_948769
245 1 0 _aSociología de la explotación
_c/por Pablo González Casanova
260 _aMéxico, D. F. :
_bSiglo XXI,
_c1969
300 _a291 p. :
_bcuadros
490 _aEl mundo del hombre: sociología y política
500 _ac.1 reimp. de 1978
590 _aBATCH-UPD
_b10
_c20130110
_lUCH01
_h0447
590 _aBATCH-UPD
_b10
_c20130410
_lUCH01
_h0123
590 _aBATCH-UPD
_b10
_c20130914
_lUCH01
_h0946
590 _aCONVERSION
_b10
_c20130109
_lUCH01
_h1334
650 1 4 _aClases sociales.
_923673
830 0 _aEl mundo del hombre: sociología y política
_936146
901 _aBK
942 _cLIBRO
949 _a301.44 G6
_bBC
_cLIBRO
_d33724000229951
_eLIBRO
_h28928
_i70790
_si
_t30.00
949 _a301.44 G6
_bBC
_cLIBRO
_d33724002305751
_eLIBRO
_fc.2
_gDonaciØn
_h115626
_i70790
_sb
999 _c63740
_d63740